| 000 | 02093nam0a2200445 4500 | ||
|---|---|---|---|
| 001 | RU\NLR\bibl\1367516 | ||
| 005 | 20260406155403.0 | ||
| 010 |
_a978-5-17-053044-1 _bАСТ |
||
| 010 |
_a978-5-9713-9231-6 _9АСТ-МОСКВА _93000 |
||
| 021 |
_aRU _b2009-19603 _91163 |
||
| 035 | _a(nilc)IZD\AST\2007\863441 | ||
| 035 | _aRSL-KNO-004262974 | ||
| 035 | _a(NLR Aleph) 001359664 | ||
| 090 |
_a973127 _c973127 |
||
| 100 | _a20081226d2008 |||y0rusy50 ca | ||
| 101 | 1 |
_arus _cita |
|
| 102 | _aRU | ||
| 105 | _ay ||||||||| | ||
| 200 | 1 |
_aСочинения исторические и политические _aСочинения художественные _aПисьма _e[сборник _eперевод с итальянского] _fНикколо Макьявелли |
|
| 210 |
_aМосква _cАСТ _d2008 |
||
| 215 |
_a701, [1] с. _d21 |
||
| 225 | 1 | _aЗолотая классика | |
| 330 | _aВ томе представлены наиболее известные произведения итальянского писателя и историка Николло Макьявелли. | ||
| 600 | 1 |
_aМакиавелли _bН. _f1469 - 1527 _gНикколо _xГосударственно-правовые взгляды _91513910 _3RU\NLR\auth\66657414 |
|
| 606 | 1 |
_aФилософия итальянская _z15 - 16 вв. _91582808 _3RU\NLR\auth\66993913 |
|
| 606 | 1 |
_aПолитические учения _yИталия _z15 - 16 вв. _92346974 _3RU\NLR\auth\661402464 |
|
| 686 |
_aЮ3(4Ит)43-401.7Макиавелли Н.-06 _2rubbk |
||
| 686 |
_aХ1(4Ит)403я44 _2rubbk |
||
| 686 | _aХ1(4Ит)403 | ||
| 686 | _aЮ3(4Ит)43-401.7-0 | ||
| 686 | _aШ5(4Ит)43-4Макиавелли33 | ||
| 700 | 1 |
_4070 _8rus _7ca _aМакиавелли _bН. _f1469-1527 _gНикколо _3RU\NLR\auth\777637 _9117570 |
|
| 801 | 0 |
_aRU _bЛИБНЕТ _c20081226 _gRCR |
|
| 801 | 1 |
_aRU _bЛИБНЕТ _c20081226 |
|
| 801 | 2 |
_aRU _bЦУНБ Москва _c20090123 _2rusmarc |
|
| 801 | 2 |
_aRU _bNLR _c20090508 _grcr |
|
| 942 | _cBOOK | ||
| 980 | _aNB | ||